[Soubor fotografií a pozvánka z premiéry divadelního představení Jakuba a jeho pána ve Východočeském divadle Pardubice] /

Main Author: Meister, Karel, 1943-
Corporate Author: Východočeské divadlo Pardubice
Language: Czech
Published: [Pardubice] : [nakladatel není známý], [1995]
Subjects:
Online Access: Digitalizovaný dokument
Physical Description: 5 fotografií, 1 pozvánka, 1 text : černobílé ; 23 x 18 cm a 11 x 38 cm
Subscribed volumes: 1-7
Photo
Saved in:
LEADER 02262nkm a2200541 ia4500
001 001897253
003 CZ BrMZK
005 20250630065506.0
007 kf bo
008 240126s1995 xr nnn g kncze
040 |a BOA001  |b cze  |e rda 
043 |a e-xr---  |b e-xr-pa  |2 czenas 
045 |a x9x9 
072 7 |a 792  |x Divadlo. Divadelní představení  |2 Konspekt  |9 3 
080 |a 821.162.3-2  |2 MRF 
080 |a 792.091.5  |2 MRF 
080 |a (437.314)  |2 MRF 
080 |a (084.12)  |2 MRF 
080 |a (041)  |2 MRF 
100 1 |a Meister, Karel,  |d 1943-  |7 jo20010092726  |4 pht 
245 1 0 |a [Soubor fotografií a pozvánka z premiéry divadelního představení Jakuba a jeho pána ve Východočeském divadle Pardubice] /  |c [fotografoval Karel Meister] 
264 1 |a [Pardubice] :  |b [nakladatel není známý],  |c [1995] 
300 |a 5 fotografií, 1 pozvánka, 1 text :  |b černobílé ;  |c 23 x 18 cm a 11 x 38 cm 
336 |a statický obraz  |b sti  |2 rdacontent 
336 |a text  |b txt  |2 rdacontent 
337 |a bez média  |b n  |2 rdamedia 
338 |a list  |b nb  |2 rdacarrier 
500 |a Na fotografiích Jiří Kalužný, Šárka Brázdová, Alexandr Postler, Jan Hyhlík, Romana Chvalová, Martin Mejzlík, Petr Dohnal 
500 |a Nalepeno na listu (55 x 86 cm) 
600 1 7 |a Kundera, Milan,  |d 1929-2023.  |7 aun20231209540  |t Jakub a jeho pán 
610 2 7 |a Východočeské divadlo Pardubice  |7 ko2004209448  |2 czenas 
648 7 |a 20. století  |7 ch460558 
648 4 |a 1995 
648 7 |a 1991-2000  |7 ch460587 
650 0 7 |a české drama  |7 ph128137  |y 20. století  |2 czenas 
650 0 7 |a divadelní premiéry  |7 ph165208  |z Česko  |y 1991-2000  |2 czenas 
650 0 9 |a Czech drama  |y 20th century  |2 eczenas 
650 0 9 |a theater first performances  |z Czechia  |y 1991-2000  |2 eczenas 
651 7 |a Pardubice (Česko)  |7 ge130369  |2 czenas 
651 9 |a Pardubice (Czechia)  |2 eczenas 
655 7 |a fotografie  |7 fd132277  |2 czenas 
655 7 |a letáky  |7 fd132728  |2 czenas 
655 9 |a photographs  |2 eczenas 
655 9 |a pamphlets  |2 eczenas 
710 2 |a Východočeské divadlo Pardubice  |7 ko2004209448  |4 oth 
856 4 1 |u http://www.digitalniknihovna.cz/mzk/view/uuid:293657e4-1b74-4c70-bca3-b9a7e49a5e00  |y Digitalizovaný dokument 
910 |a BOA001  |b KMKGr-0002.133  |s 1-7 
990 |a GP